Vplyv antistinu na alergické a obranné kožné reakcie

Bibliographic Details
Main Authors: Herbert, H. - Žebrowska (Author), Lukasiewicz (Author)
Format: Article
Language:Slovak

MARC

LEADER 00000nab a2200000uu 4500
001 vtls011158699
003 SK-MaSNL
005 20260304030104.0
008 250310|1952 xo |||||||||||||||||slo|
015 |a SNBRB 
035 |a (urnnbn)urn:nbn:sk:snk:ar-a0atnz 
035 |a (uuid)874d3a8b-ce5e-42c2-8e0c-2fcd4d703e71 
035 |a urn:nbn:sk:snk-abb6gs 
040 |a SNKBUCL  |b slo  |c SNKBUCL  |e AACR2 
041 0 |a slo 
044 |a xo  |c SK 
100 1 |a Herbert, H. - Žebrowska  |4 aut  |9 1308185 
245 1 0 |a Vplyv antistinu na alergické a obranné kožné reakcie  |c H. Herbert - Žebrowska, Lukasiewicz 
700 1 |a Lukasiewicz  |4 aut  |9 1308186 
773 0 |t Farmácia  |g Roč. 21, č. 8 (1952), s. 155-157 
958 |a OND 
958 |a EUIPO 
958 |a article14 
999 |c 2631623  |d 2633553